| 000 | 02473nam a2200409 c 4500 | ||
|---|---|---|---|
| 003 | BLK | ||
| 005 | 20221010093243.0 | ||
| 008 | 180409b bul|||||r ||||||| ||bul|| | ||
| 010 | _aKNG00104131000 | ||
| 020 |
_a954-509-236-Х _bиздат.: Воен. изд. |
||
| 040 | _aBLK | ||
| 041 |
_aBUL _cBUL |
||
| 080 |
_aНационални малцинства. Оптанти _b323.15 _x(100) _z323.15(100) |
||
| 080 |
_aСоциален конфликт. Социално действие - Класов конфликт (класова борба), расов конфликт и др. _b316.48 _x(100) _z316.48(100) |
||
| 080 |
_aМнозинства. Малцинства _b316.347.2 _x(100) _z316.347.2(100) |
||
| 100 | 1 |
_aГър, Тед Робърт _eпърви автор _957435 |
|
| 700 | 1 |
_aМомчилова, Адриана Николова _9370969 |
|
| 700 | 1 |
_aДерменджиева, Мария _eпрев. от англ. _9374231 |
|
| 139 |
_aГър, Тед Робърт _bГ 97 |
||
| 245 | 1 | 0 |
_aНароди срещу държави _bРискови малцинства през новия век _cТед Робърт Гър; прев. от англ. Адриана Николова Момчилова; прев. от англ. Мария Дерменджиева. |
| 257 | _aUSA | ||
| 260 |
_аСофия _bВоен. изд. _c2002 |
||
| 300 |
_a340 с. _bс табл., диагр. _c24 см |
||
| 380 | _a3 | ||
| 500 | _aОриг. загл. Peoples Versus States / Ted Robert Gurr. - Офс. изд. - Съдържа и Класификация на държавите според вида на тяхното управление в края на 90-те год. на ХХ век ; Основни характеристики на етнополитическите общности и рискът от въстание / Ан Пич. - Библиогр. след отд. материали ; Предм. показалец | ||
| 650 | 4 |
_aМалцинства - етнополитически и етнокултурни проблеми _9262268 |
|
| 650 | 4 |
_aНационален въпрос _9293101 |
|
| 650 | 4 |
_aКонфликти - в обществото _9296131 |
|
| 653 | _aмалцинства | ||
| 653 | _aнационален въпрос | ||
| 653 | _aетнически общности | ||
| 852 | _aЦб 213070 | ||
| 856 | 4 |
_qpdf _u |
|
| 856 | 4 |
_qpdf _u |
|
| 942 |
_cKNG _n0 |
||
| 944 |
_aCR _c01.01.2002 _kКети_Илиева |
||
| 944 |
_aED _c20.10.2006 _k |
||
| 999 |
_c99135 _d99135 |
||